| 000 | 00833nam a22002177a 4500 | ||
|---|---|---|---|
| 999 |
_c15997 _d15997 |
||
| 003 | AR-CdUCM | ||
| 008 | 190430b ||||| |||| 00| 0 spa d | ||
| 040 |
_aMUNICIPALIDAD PROVINCIAL DEL CUSCO _cBIBLIOTECA MUNICIPAL DEL CUSCO |
||
| 082 |
_a869.963 / _bV7 |
||
| 100 |
_aVitier, Cintio _935258 |
||
| 245 |
_aCincuenta años de poesía cubana (1902-1952) : _bordenación, antología y notas / |
||
| 260 |
_aLa Habana : _bDirección de Cultura del Ministerio de Educación, _c1952. |
||
| 300 |
_a420 páginas ; _c24 cm. |
||
| 500 | _aEdiciones del cincuentenario | ||
| 505 | _aContenido: Mercedes Matamoros -- Enrique Hernandez Miyares -- Bonifacio Byrne -- Manuel Serafin Pichardi... | ||
| 650 |
_aPoesía cubana _9669 |
||
| 650 |
_aColecciones _9607 |
||
| 650 |
_aCuba _91821 |
||
| 942 |
_2ddc _cLIBROS |
||
| 945 |
_adavv _d30/04/2019 |
||